Colonias agrícolas y escuela de reforma para jóvenes indigentes, mendigos, vagos y delincuentes / (Record no. 157420)

MARC details
000 -LEADER
campo de control de longitud fija 01108nam a2200217 i 4500
001 - NÚMERO DE CONTROL
campo de control 157420
003 - IDENTIFICADOR DE NÚMERO DE CONTROL
campo de control ES-MaACL
005 - FECHA Y HORA DE LA ÚLTIMA TRANSACCIÓN
campo de control 20250719062543.0
008 - DATOS DE LONGITUD FIJA--INFORMACIÓN GENERAL
campo de control de longitud fija 021210s1865 sp |||| | spa d
100 1# - ENTRADA PRINCIPAL--NOMBRE DE PERSONA
Nombre de persona Lecumberri, Cristóbal.
9 (RLIN) 128828
245 10 - MENCIÓN DEL TÍTULO
Título Colonias agrícolas y escuela de reforma para jóvenes indigentes, mendigos, vagos y delincuentes /
Mención de responsabilidad, etc. por Cristóbal Lecumberri.
260 ## - PUBLICACIÓN, DISTRIBUCIÓN, ETC.
Lugar de publicación, distribución, etc. Madrid :
Nombre del editor, distribuidor, etc. [s.n.],
Fecha de publicación, distribución, etc. 1865 (
Fabricante Imp. del Eco del País, a cargo de Diego Valero)
300 ## - DESCRIPCIÓN FÍSICA
Extensión 76 p. ;
Dimensiones 19 cm.
650 04 - PUNTO DE ACCESO ADICIONAL DE MATERIA--TÉRMINO DE MATERIA
Término de materia o nombre geográfico como elemento de entrada Jóvenes delincuentes-
Subdivisión general Rehabilitación.
9 (RLIN) 143339
650 #4 - PUNTO DE ACCESO ADICIONAL DE MATERIA--TÉRMINO DE MATERIA
Término de materia o nombre geográfico como elemento de entrada Colonias penitenciarias.
9 (RLIN) 167471
852 ## - LOCALIZACIÓN
Ubicación ES-MaACL
Número de control de estantería D-273(18)
itemnumber 163244
Sublocalización o colección R.FOLL.12/18
Ubicación en estantería Sala Valle Inclán
Donativo/Legado Donación: Francisco Lastres y Juiz
Signatura antigua Olim: 193-C-3
Encuadernación Encuadernado con otras obras formando un volumen facticio
-- Encuadernación holandesa
Marcas de propiedad Sello en tinta en verso de hoja de guarda anterior: "Donativo del Sr. Lastres al Ateneo de Madrid 1907".
903 ## - NOMBRE PERSONAL DE DONANTE
a Lastres y Juiz, Francisco,
d 1848-1918
q 1
e Donante
9 70504
942 ## - ELEMENTOS DE ENTRADA SECUNDARIOS (KOHA)
Fuente del sistema de clasificación o colocación Clasificación decimal universal
Tipo de ítem Koha Libro impreso antiguo
Holdings
Estatus retirado Estado de pérdida Fuente del sistema de clasificación o colocación Estado de daño No para préstamo Colección Biblioteca de origen Biblioteca actual Ubicación en estantería Fecha de adquisición Fuente de adquisición Total de préstamos Signatura topográfica completa Código de barras Visto por última vez Precio de reemplazo Tipo de ítem Koha
    Clasificación decimal universal     Libros del s. XIX Biblioteca del Ateneo de Madrid Biblioteca del Ateneo de Madrid Sala Valle Inclán 17/01/2008 Donación   D-273(18) 901164737 23/02/2023 23/02/2023 Libro impreso antiguo